000 00517nam a2200169 a 4500
001 000029682
005 20200930055728.0
008 110425s19uu dr c 000 0 spa d
040 _aDO-SdBNP
_bspa
_cBNPHU
082 _axxxx
_bE91e
100 1 _aEusebio Mella, E. E.
_956481
245 1 0 _aEntre flores /
_cE. E. Eusebio Mella; presentación Geogillo Mella Chavier.
260 _a[Santo Domingo :
_bs. n.,
_c19--?].
300 _a36 p. :
_bretr. ;
_c20 cm.
700 1 2 _aMella Chavier, Gergilio
_956482
049 _aBNPD
999 _c29174
_d29174